[Event "Caribean-chT Blitz 24th"]
[Site "San Salvador"]
[Date "2023.07.06"]
[Round "8.2"]
[White "Leake, Emilia Rose"]
[Black "Castillo Beitia, Ashley Alexandra"]
[Result "0-1"]
[WhiteElo "1049"]
[BlackElo "1651"]
[PlyCount "122"]
[EventDate "2023.07.06"]
[EventType "tourn (blitz)"]
[EventRounds "15"]
[EventCountry "ESA"]
[SourceTitle "CBM 215 Extra"]
[Source "ChessBase"]
[SourceDate "2023.09.30"]
[SourceVersion "1"]
[SourceVersionDate "2023.09.30"]
[SourceQuality "1"]
[WhiteTeam "Jamaica"]
[BlackTeam "Panama"]
[WhiteTeamCountry "JAM"]
[BlackTeamCountry "PAN"]

1. e4 c5 2. d4 cxd4 3. c3 dxc3 4. Nxc3 Nc6 5. Nf3 e6 6. Bc4 a6 7. 0-0 Nge7 8. Qe2 Ng6 9. Rd1 Be7 10. Be3 0-0 11. Rac1 b5 12. Bb3 Bb7 13. a3 Qc7 14. Na2 Rfd8 15. Nb4 a5 16. Nxc6 dxc6 17. Qxb5 Rxd1+ 18. Bxd1 cxb5 19. Rxc7 Bxe4 20. Nd2 Bd5 21. Bc2 Bd6 22. Rd7 Be5 23. Be4 Bxe4 24. Nxe4 Bxb2 25. Rb7 b4 26. axb4 axb4 27. h3 Be5 28. g3 Rb8 29. Rxb8+ Bxb8 30. Bd2 b3 31. Nc3 Ne5 32. Kf1 Nc4 33. Ke1 Be5 34. Kd1 Nb2+ 35. Kc1 Nd3+ 36. Kb1 Nxf2 37. Kb2 Ne4 38. Kxb3 Nxd2+ 39. Kc2 Bxc3 40. Kxc3 Ne4+ 41. Kd3 Nxg3 42. Ke3 Nf5+ 43. Kf4 f6 44. Kf3 e5 45. Ke4 Ne7 46. Ke3 f5 47. Kf3 e4+ 48. Ke3 Kf7 49. Kf4 Ke6 50. Ke3 Nd5+ 51. Ke2 e3 52. Ke1 Ke5 53. Ke2 Ke4 54. Kf1 f4 55. Ke2 f3+ 56. Kf1 e2+ 57. Kf2 Kf4 58. h4 Ne3 59. Ke1 Nd1 60. h5 Ke3 61. h6 f2# 0-1

[Event "Caribean-chT Blitz 24th"]
[Site "San Salvador"]
[Date "2023.07.06"]
[Round "14.2"]
[White "Morales Santos, Natasha"]
[Black "Leake, Emilia Rose"]
[Result "1-0"]
[WhiteElo "1813"]
[BlackElo "1049"]
[PlyCount "85"]
[EventDate "2023.07.06"]
[EventType "tourn (blitz)"]
[EventRounds "15"]
[EventCountry "ESA"]
[SourceTitle "CBM 215 Extra"]
[Source "ChessBase"]
[SourceDate "2023.09.30"]
[SourceVersion "1"]
[SourceVersionDate "2023.09.30"]
[SourceQuality "1"]
[WhiteTeam "Puerto Rico"]
[BlackTeam "Jamaica"]
[WhiteTeamCountry "PUR"]
[BlackTeamCountry "JAM"]

1. d4 d5 2. c4 e6 3. Nc3 f5 4. Bf4 c6 5. e3 Nf6 6. Nf3 Be7 7. Qc2 0-0 8. 0-0-0 a6 9. Bd3 Ne4 10. h3 Nd7 11. Rdg1 b5 12. c5 a5 13. Ne5 Ba6 14. Nxc6 Qe8 15. Nxe7+ Qxe7 16. Bxe4 fxe4 17. Bd6 Qd8 18. Bxf8 Qxf8 19. Rf1 b4 20. Ne2 Rb8 21. f3 Nf6 22. fxe4 dxe4 23. Rf2 Bb5 24. Qb3 a4 25. Qxe6+ Kh8 26. Nf4 a3 27. b3 Rc8 28. Kd2 Qd8 29. Qd6 Qxd6 30. cxd6 Rd8 31. Rc1 h6 32. Rc5 Ba6 33. Rc6 Bb7 34. Rb6 Ba8 35. Rf1 Ne8 36. Rc1 Nxd6 37. Rc7 Nf5 38. Ra6 Ne7 39. Raa7 Nf5 40. Rf7 h5 41. g4 Nh6 42. Rxg7 Rg8 43. Ng6# 1-0

[Event "Caribean-chT Rapid 24th"]
[Site "San Salvador"]
[Date "2023.07.05"]
[Round "11.2"]
[White "Leake, Emilia Rose"]
[Black "Ramirez Luzon, Franchesca"]
[Result "0-1"]
[WhiteElo "1222"]
[BlackElo "1643"]
[PlyCount "42"]
[EventDate "2023.07.03"]
[EventType "tourn (rapid)"]
[EventRounds "15"]
[EventCountry "ESA"]
[SourceTitle "CBM 215 Extra"]
[Source "ChessBase"]
[SourceDate "2023.09.30"]
[SourceVersion "1"]
[SourceVersionDate "2023.09.30"]
[SourceQuality "1"]
[WhiteTeam "Jamaica"]
[BlackTeam "Dominican Republic"]
[WhiteTeamCountry "JAM"]
[BlackTeamCountry "DOM"]

1. e4 c5 2. d4 cxd4 3. c3 dxc3 4. Nxc3 d6 5. Nf3 Nc6 6. Bc4 Bg4 7. h3 Bxf3 8. Qxf3 e6 9. Be3 a6 10. 0-0 Ne5 11. Qe2 Nxc4 12. Qxc4 Rc8 13. Qe2 Be7 14. Rfd1 Qc7 15. Rac1 Qb8 16. Bf4 e5 17. Be3 Nf6 18. Bg5 0-0 19. Bxf6 Bxf6 20. Nd5 Bg5 21. Rxc8 Qxc8 0-1

[Event "Caribean-chT Rapid 24th"]
[Site "San Salvador"]
[Date "2023.07.04"]
[Round "7.2"]
[White "Diaz Charpentier, Kristel Melissa"]
[Black "Leake, Emilia Rose"]
[Result "1-0"]
[WhiteElo "1891"]
[BlackElo "1222"]
[PlyCount "61"]
[EventDate "2023.07.03"]
[EventType "tourn (rapid)"]
[EventRounds "15"]
[EventCountry "ESA"]
[SourceTitle "CBM 215 Extra"]
[Source "ChessBase"]
[SourceDate "2023.09.30"]
[SourceVersion "1"]
[SourceVersionDate "2023.09.30"]
[SourceQuality "1"]
[WhiteTeam "Costa Rica"]
[BlackTeam "Jamaica"]
[WhiteTeamCountry "CRI"]
[BlackTeamCountry "JAM"]

1. d4 d5 2. c4 e6 3. Nf3 f5 4. Nc3 c6 5. Bf4 Nf6 6. e3 Be7 7. Qc2 Nbd7 8. Bd3 0-0 9. Ne5 Ne4 10. g4 Bh4 11. Bxe4 fxe4 12. Rg1 Nxe5 13. dxe5 Bg5 14. cxd5 cxd5 15. Bg3 Bd7 16. 0-0-0 Rc8 17. Kb1 b5 18. Qb3 Rb8 19. Nxd5 exd5 20. Qxd5+ Kh8 21. Qxd7 Qa5 22. e6 Rfe8 23. Bxb8 Rxb8 24. e7 Bxe7 25. Qxe7 h6 26. Rd7 Rg8 27. g5 hxg5 28. Qxg5 Qa6 29. Rxg7 Rc8 30. Qh5+ Qh6 31. Qxh6# 1-0

[Event "Caribean-chT Rapid 24th"]
[Site "San Salvador"]
[Date "2023.07.03"]
[Round "3.2"]
[White "Johnson, Adaya"]
[Black "Leake, Emilia Rose"]
[Result "0-1"]
[WhiteElo "1344"]
[BlackElo "1222"]
[PlyCount "59"]
[EventDate "2023.07.03"]
[EventType "tourn (rapid)"]
[EventRounds "15"]
[EventCountry "ESA"]
[SourceTitle "CBM 215 Extra"]
[Source "ChessBase"]
[SourceDate "2023.09.30"]
[SourceVersion "1"]
[SourceVersionDate "2023.09.30"]
[SourceQuality "1"]
[WhiteTeam "Trinidad and Tobago"]
[BlackTeam "Jamaica"]
[WhiteTeamCountry "TRI"]
[BlackTeamCountry "JAM"]

1. e4 e5 2. Nc3 Nf6 3. f4 d5 4. fxe5 Nxe4 5. Qf3 Nxc3 6. bxc3 c6 7. d4 Be6 8. Bd3 Be7 9. Ne2 0-0 10. 0-0 Nd7 11. Bd2 f6 12. Qg3 Rf7 13. Nf4 Nf8 14. Nxe6 Nxe6 15. Bf5 Nf8 16. e6 Bd6 17. exf7+ Kxf7 18. Bf4 Be7 19. Bc7 Qe8 20. Rae1 h6 21. Qg4 Kg8 22. Bd6 h5 23. Qg3 Bxd6 24. Qxd6 Rd8 25. Qg3 Qf7 26. Be6 Nxe6 27. Rf2 Re8 28. Ref1 Rf8 29. Rf3 Ng5 30. Rf4 0-1

[Event "Caribean-chT Rapid 24th"]
[Site "San Salvador"]
[Date "2023.07.03"]
[Round "5.2"]
[White "Wijnhard, Joelle"]
[Black "Leake, Emilia Rose"]
[Result "1-0"]
[WhiteElo "1311"]
[BlackElo "1222"]
[PlyCount "139"]
[EventDate "2023.07.03"]
[EventType "tourn (rapid)"]
[EventRounds "15"]
[EventCountry "ESA"]
[SourceTitle "CBM 215 Extra"]
[Source "ChessBase"]
[SourceDate "2023.09.30"]
[SourceVersion "1"]
[SourceVersionDate "2023.09.30"]
[SourceQuality "1"]
[WhiteTeam "Surinam"]
[BlackTeam "Jamaica"]
[WhiteTeamCountry "SUR"]
[BlackTeamCountry "JAM"]

1. e4 e5 2. Nf3 Nc6 3. d4 exd4 4. Nxd4 Qh4 5. Nxc6 Qxe4+ 6. Qe2 Qxe2+ 7. Bxe2 dxc6 8. 0-0 Bd6 9. Be3 Nf6 10. Nd2 0-0 11. h3 Bf5 12. c3 Rfe8 13. Bf3 Nd5 14. Bxd5 cxd5 15. Nf3 Re6 16. Nd4 Rf6 17. Nxf5 Rxf5 18. Rad1 c6 19. Rfe1 a6 20. Bc1 Bc5 21. Be3 Bxe3 22. Rxe3 h6 23. Re7 Rb8 24. Rde1 Rf4 25. f3 Ra4 26. a3 Ra5 27. Rc7 Rb5 28. b4 a5 29. Ree7 Rf8 30. Rxb7 axb4 31. axb4 Rb8 32. Rbc7 Rf8 33. Rxc6 Rbb8 34. Rcc7 Ra8 35. Red7 Ra1+ 36. Kh2 Rd1 37. b5 Rd2 38. Re7 d4 39. cxd4 Rxd4 40. b6 Rb4 41. b7 Kh7 42. Red7 Rb5 43. Rxf7 Rxf7 44. Rxf7 Kg6 45. Rc7 Kf6 46. g4 Rb2+ 47. Kg3 g6 48. h4 Ke6 49. Rg7 Kf6 50. Rc7 Ke6 51. Rh7 Kf6 52. Rxh6 Rxb7 53. Rh8 Rf7 54. Rb8 Rh7 55. f4 Re7 56. Rb6+ Kf7 57. g5 Re3+ 58. Kg4 Re1 59. Rb3 Rg1+ 60. Rg3 Rh1 61. f5 gxf5+ 62. Kxf5 Rxh4 63. Rb3 Rh7 64. Rb7+ Kg8 65. Rxh7 Kxh7 66. Kf6 Kg8 67. Kg6 Kf8 68. Kh7 Kf7 69. g6+ Kf6 70. g7 1-0

[Event "Central America-ch (Women) 24th"]
[Site "San Salvador"]
[Date "2023.01.21"]
[Round "10"]
[White "Leake, Emilia Rose"]
[Black "Gonzalez Peguero, Mary Loly"]
[Result "0-1"]
[WhiteElo "1137"]
[BlackElo "1679"]
[PlyCount "124"]
[EventDate "2023.01.21"]
[EventType "swiss"]
[EventRounds "11"]
[EventCountry "ESA"]
[SourceTitle "CBM 212 Extra"]
[Source "ChessBase"]
[SourceDate "2023.03.31"]
[SourceVersion "1"]
[SourceVersionDate "2023.03.31"]
[SourceQuality "1"]

1. e4 d6 2. d4 Nf6 3. Nc3 c6 4. Be3 Nbd7 5. Bd3 e5 6. dxe5 dxe5 7. Nf3 Be7 8. 0-0 0-0 9. Ne2 Qc7 10. Ng3 Re8 11. Nf5 Bf8 12. Bc4 Nb6 13. Bb3 Nxe4 14. Qd3 Bxf5 15. Qd1 Rad8 16. Qe2 Bg4 17. Bxb6 axb6 18. Qxe4 Bxf3 19. Qxf3 e4 20. Qc3 Bd6 21. Qh3 Qe7 22. Rae1 Qf6 23. c3 Re7 24. Bc2 g6 25. Bxe4 Rde8 26. f3 Bc5+ 27. Kh1 Rxe4 28. fxe4 Rxe4 29. Qd3 Rxe1 30. Rxe1 Qf2 31. Rb1 Qf4 32. Qd7 h5 33. Qxb7 Qe4 34. Rc1 h4 35. Qd7 Qf4 36. Rd1 Qf2 37. Qxc6 h3 38. gxh3 Qe2 39. Rc1 Qxb2 40. Rf1 Qe2 41. Rb1 Qd3 42. Rc1 Qxh3 43. Qe8+ Kg7 44. Qe5+ Kg8 45. Qe4 Bd6 46. Qg2 Qe3 47. Rf1 Qxc3 48. Qa8+ Kg7 49. Qf3 Qc7 50. Qg2 Bc5 51. Re1 Qa7 52. Qb2+ Kh7 53. Re8 Qb7+ 54. Qg2 Qxg2+ 55. Kxg2 Kg7 56. Re1 Kg8 57. Ra1 Kg7 58. a4 Kh7 59. Kf1 Bb4 60. Ke2 Ba5 61. Kd3 Kh6 62. Re1 Bxe1 0-1